| 000 | 01215aam a2200337 i 4500 | ||
|---|---|---|---|
| 001 | 3035463 | ||
| 003 | EG-ScBUE | ||
| 005 | 20230521111129.0 | ||
| 008 | 951010t1996 nyua f 001 0 eng d | ||
| 020 | _a0471100420 (cloth : alk. paper) | ||
| 020 | _a9780471100423 | ||
| 040 |
_aDLC _beng _erda _cDLC _dDLC _dEG-ScBUE |
||
| 082 | 0 | 4 |
_a540 _222 _bBRA |
| 100 | 1 |
_aBrady, James E., _d1938- _eauthor. |
|
| 245 | 1 | 0 |
_aChemistry : _bthe study of matter and its changes / _cJames E. Brady, St. John's University, New York, John R. Holum, Augsburg College (Emeritus), Minnesota. |
| 250 | _aSecond edition. | ||
| 264 | 1 |
_aNew York : _bJohn Wiley & Sons, Inc., _c[1996] |
|
| 264 | 4 | _cc1996 | |
| 300 |
_a1 volume (various pagings) : _billustrations (some color) ; _c26 cm |
||
| 336 |
_2rdacontent _atext _btxt |
||
| 337 |
_2rdamedia _aunmediated _bn |
||
| 338 |
_2rdacarrier _avolume _bnc |
||
| 500 | _aIncludes index. | ||
| 650 | 7 |
_aChemistry. _2BUEsh |
|
| 653 | _bENGCHE | ||
| 655 | _vReading book | ||
| 700 | 1 |
_aHolum, John R., _eauthor. |
|
| 906 |
_a7 _bcbc _corignew _d1 _eocip _f19 _gy-gencatlg |
||
| 942 |
_2ddc _cBB |
||
| 999 |
_c30432 _d30403 |
||